[Event "CRO-chT (Women) 26th"]
[Site "Mali Losinj"]
[Date "2017.10.02"]
[Round "6.22"]
[White "Sulc, Gordana"]
[Black "Turk, Tajana"]
[Result "0-1"]
[WhiteElo "1848"]
[BlackElo "2018"]
[PlyCount "70"]
[EventDate "2017.09.28"]
[EventType "team-tourn"]
[EventRounds "9"]
[EventCountry "CRO"]
[SourceTitle "EXT 2018"]
[Source "ChessBase"]
[SourceDate "2017.10.13"]
[SourceVersion "1"]
[SourceVersionDate "2017.10.13"]
[SourceQuality "1"]
[WhiteTeam "Djakovo (W)"]
[BlackTeam "Sisak (W)"]
[WhiteTeamCountry "CRO"]
[BlackTeamCountry "CRO"]

1. e4 c5 2. Nf3 e6 3. d4 cxd4 4. Nxd4 a6 5. Bd3 Qc7 6. Qe2 g6 7. f4 Bg7 8. Nf3 Nc6 9. a3 Nge7 10. Nc3 Nd4 11. Nxd4 Bxd4 12. Bd2 b5 13. Bxb5 Qb6 14. Bd3 Qxb2 15. Rb1 Qxa3 16. Nd1 Nc6 17. c3 Bc5 18. Ne3 Bxe3 19. Qxe3 0-0 20. 0-0 Qe7 21. Rf3 Rb8 22. Ra1 d5 23. Qe1 dxe4 24. Bxe4 Bb7 25. Rh3 Rfd8 26. Be3 h5 27. Qg3 Kf8 28. Bxg6 fxg6 29. Qxg6 Qf7 30. Qh6+ Qg7 31. Bc5+ Kf7 32. Qxh5+ Qg6 33. Qe2 Rg8 34. Rd1 Rbd8 35. Rf1 Nd4 0-1

[Event "CRO-chT (Women) 26th"]
[Site "Mali Losinj"]
[Date "2017.10.01"]
[Round "5.22"]
[White "Turk, Tajana"]
[Black "Medic, Mirjana"]
[Result "1-0"]
[WhiteElo "2018"]
[BlackElo "2128"]
[PlyCount "67"]
[EventDate "2017.09.28"]
[EventType "team-tourn"]
[EventRounds "9"]
[EventCountry "CRO"]
[SourceTitle "EXT 2018"]
[Source "ChessBase"]
[SourceDate "2017.10.13"]
[SourceVersion "1"]
[SourceVersionDate "2017.10.13"]
[SourceQuality "1"]
[WhiteTeam "Sisak (W)"]
[BlackTeam "Busevec Polet (W)"]
[WhiteTeamCountry "CRO"]
[BlackTeamCountry "CRO"]

1. d4 Nf6 2. c4 e6 3. Nf3 d5 4. e3 Be7 5. Nc3 0-0 6. Bd3 b6 7. 0-0 Bb7 8. cxd5 exd5 9. Qc2 c5 10. b3 Nc6 11. a3 Rc8 12. Bf5 Rb8 13. dxc5 bxc5 14. Na4 Ba6 15. Rd1 Na5 16. Rb1 c4 17. b4 Nb3 18. Bb2 Bb7 19. Ne5 Qe8 20. Nc3 a5 21. b5 Rd8 22. e4 g6 23. Bh3 d4 24. Nd5 Nxd5 25. Qxc4 Nf4 26. Qxb3 Nxh3+ 27. Qxh3 Bxe4 28. a4 Bxb1 29. Rxb1 Bb4 30. Nc6 Qe4 31. Rf1 Rd6 32. Qg3 d3 33. Qf3 Qxf3 34. Ne7# 1-0

[Event "CRO-chT (Women) 26th"]
[Site "Mali Losinj"]
[Date "2017.09.30"]
[Round "4.32"]
[White "Videkovic, Marina"]
[Black "Turk, Tajana"]
[Result "1/2-1/2"]
[WhiteElo "1850"]
[BlackElo "2018"]
[PlyCount "88"]
[EventDate "2017.09.28"]
[EventType "team-tourn"]
[EventRounds "9"]
[EventCountry "CRO"]
[SourceTitle "EXT 2018"]
[Source "ChessBase"]
[SourceDate "2017.10.13"]
[SourceVersion "1"]
[SourceVersionDate "2017.10.13"]
[SourceQuality "1"]
[WhiteTeam "Djakovo Dama (W)"]
[BlackTeam "Sisak (W)"]
[WhiteTeamCountry "CRO"]
[BlackTeamCountry "CRO"]

1. e4 c5 2. Nf3 e6 3. d4 cxd4 4. Nxd4 a6 5. Nc3 Qc7 6. Be2 Nf6 7. a3 b5 8. Be3 b4 9. axb4 Bxb4 10. Bd2 Bb7 11. f3 Bc5 12. Nb3 Ba7 13. Na4 d5 14. Ba5 Qe7 15. e5 Nfd7 16. f4 g5 17. Qd2 gxf4 18. Qxf4 Rg8 19. Rf1 Nc6 20. Bc3 Rg5 21. Na5 Nxa5 22. Bxa5 Rf5 23. Qg4 Rxf1+ 24. Bxf1 Nxe5 25. Qg8+ Kd7 26. Qg3 Qd6 27. Bd2 Nc4 28. Bf4 e5 29. Bc1 Qg6 30. Qh3+ f5 31. Qb3 Qc6 32. Qg3 Re8 33. b3 Nd6 34. Ba3 Qxc2 35. Rc1 Qe4+ 36. Be2 Re7 37. Bc5 Bb8 38. Nb6+ Kd8 39. Qg8+ Re8 40. Qg5+ Re7 41. Qf6 Qf4 42. Rc2 e4 43. Qf8+ Re8 44. Qf6+ Re7 1/2-1/2

[Event "CRO-chT (Women) 26th"]
[Site "Mali Losinj"]
[Date "2017.09.29"]
[Round "2.42"]
[White "Starcevic, Andrea"]
[Black "Turk, Tajana"]
[Result "0-1"]
[WhiteElo "1879"]
[BlackElo "2018"]
[PlyCount "72"]
[EventDate "2017.09.28"]
[EventType "team-tourn"]
[EventRounds "9"]
[EventCountry "CRO"]
[SourceTitle "EXT 2018"]
[Source "ChessBase"]
[SourceDate "2017.10.13"]
[SourceVersion "1"]
[SourceVersionDate "2017.10.13"]
[SourceQuality "1"]
[WhiteTeam "Ravna Gora Goranka (W)"]
[BlackTeam "Sisak (W)"]
[WhiteTeamCountry "CRO"]
[BlackTeamCountry "CRO"]

1. c4 Nf6 2. Nc3 g6 3. g3 Bg7 4. Bg2 0-0 5. Nf3 d5 6. cxd5 Nxd5 7. 0-0 c5 8. a3 Nc6 9. Qc2 Nxc3 10. bxc3 Bf5 11. e4 Be6 12. Rd1 Rc8 13. d3 b5 14. Rb1 b4 15. c4 Bg4 16. Re1 Bxf3 17. Bxf3 Bc3 18. Re3 Ne5 19. Bg2 Bd4 20. Re2 Nxd3 21. Rd2 Nxc1 22. Qxc1 a5 23. Rb3 a4 24. Rbd3 b3 25. Qe1 Qb6 26. Rd1 Qe6 27. Bf1 f5 28. Rxd4 cxd4 29. Rxd4 Rcd8 30. Qc3 Rxd4 31. Qxd4 Qxe4 32. Qc3 Rd8 33. Qc1 Qc2 34. Qe3 Kf7 35. Qh6 Rh8 36. Bg2 Qd1+ 0-1

[Event "CRO-chT (Women) 24th"]
[Site "Bol"]
[Date "2015.10.05"]
[Round "4.42"]
[White "Franciskovic, Borka"]
[Black "Turk, Tajana"]
[Result "1/2-1/2"]
[WhiteElo "2309"]
[BlackElo "1958"]
[PlyCount "79"]
[EventDate "2015.10.03"]
[EventType "team-tourn"]
[EventRounds "9"]
[EventCountry "CRO"]
[SourceTitle "CBM 168 Extra"]
[Source "ChessBase"]
[SourceDate "2015.10.29"]
[SourceVersion "1"]
[SourceVersionDate "2015.10.29"]
[SourceQuality "1"]
[WhiteTeam "Rijeka Liburija (W)"]
[BlackTeam "Sisak (W)"]
[WhiteTeamCountry "CRO"]
[BlackTeamCountry "CRO"]

1. c4 Nf6 2. Nf3 g6 3. d4 Bg7 4. Nc3 d6 5. e4 0-0 6. Be2 c5 7. 0-0 cxd4 8. Nxd4 Nc6 9. Be3 Nd7 10. Rc1 Nxd4 11. Bxd4 Bxd4 12. Qxd4 Ne5 13. Rfd1 b6 14. Nd5 Bb7 15. Rc3 f5 16. exf5 Rxf5 17. Rh3 Rf7 18. Qh4 e6 19. Ne3 Qxh4 20. Rxh4 Rd8 21. Rhd4 Rfd7 22. Ng4 Nxg4 23. Bxg4 Kf7 24. Rf4+ Kg7 25. Bxe6 Re7 26. Bg4 Rde8 27. Kf1 h5 28. Bf3 Bxf3 29. gxf3 Re2 30. Rxd6 Rxb2 31. Rd7+ Kh6 32. Re4 Rxe4 33. fxe4 Rxa2 34. e5 Kg5 35. Rf7 Ra4 36. e6 Rxc4 37. Rxa7 Re4 38. e7 Kf6 39. Rb7 Rxe7 40. Rxb6+ 1/2-1/2

[Event "Topusko op 4th"]
[Site "Topusko"]
[Date "2015.08.08"]
[Round "9"]
[White "Turk, Tajana"]
[Black "Turicar, Goran"]
[Result "1/2-1/2"]
[WhiteElo "1963"]
[BlackElo "1836"]
[PlyCount "39"]
[EventDate "2015.08.01"]
[EventType "swiss"]
[EventRounds "9"]
[EventCountry "CRO"]
[SourceTitle "CBM 167 Extra"]
[Source "ChessBase"]
[SourceDate "2015.09.14"]
[SourceVersion "1"]
[SourceVersionDate "2015.09.14"]
[SourceQuality "1"]

1. d4 d5 2. c4 e6 3. Nc3 Nf6 4. Nf3 h6 5. e3 c6 6. Be2 Bd6 7. 0-0 0-0 8. Qc2 Nbd7 9. e4 dxe4 10. Nxe4 Nxe4 11. Qxe4 Nf6 12. Qc2 Qc7 13. Bd3 c5 14. dxc5 Qxc5 15. Be3 Qh5 16. Rfd1 Bc7 17. Be2 Ng4 18. g3 b6 19. Qe4 Rb8 20. Nh4 1/2-1/2

[Event "Topusko op 4th"]
[Site "Topusko"]
[Date "2015.08.03"]
[Round "4"]
[White "Malesevic, Elvino"]
[Black "Turk, Tajana"]
[Result "1/2-1/2"]
[WhiteElo "1792"]
[BlackElo "1963"]
[PlyCount "149"]
[EventDate "2015.08.01"]
[EventType "swiss"]
[EventRounds "9"]
[EventCountry "CRO"]
[SourceTitle "CBM 167 Extra"]
[Source "ChessBase"]
[SourceDate "2015.09.14"]
[SourceVersion "1"]
[SourceVersionDate "2015.09.14"]
[SourceQuality "1"]

1. d4 Nf6 2. e3 g6 3. Bd3 Bg7 4. b3 0-0 5. Bb2 d5 6. Nd2 Nbd7 7. Ngf3 c5 8. 0-0 b6 9. Qe2 Bb7 10. Rfd1 Rc8 11. Rac1 h6 12. h3 Re8 13. a3 cxd4 14. exd4 Nh5 15. Bb5 Nf4 16. Qf1 Rf8 17. g3 Nh5 18. Kg2 Nc5 19. Qe2 Ne4 20. Nxe4 dxe4 21. Ne5 Qc7 22. Ba6 Bxa6 23. Qxa6 Rfd8 24. Qe2 Bxe5 25. dxe5 Rxd1 26. Qxd1 Rd8 27. Qe2 Qc6 28. Kg1 Qc5 29. Kg2 Qc6 30. Qe3 Rd2 31. Bc3 Rd8 32. Kh2 Ng7 33. g4 Ne6 34. h4 g5 35. Bb4 Qd5 36. Bxe7 Qxe5+ 37. Qg3 Qxg3+ 38. Kxg3 Rd7 39. Bf6 Kh7 40. hxg5 hxg5 41. Re1 Kg6 42. Be5 f5 43. gxf5+ Kxf5 44. Ba1 Rd2 45. f3 Nf4 46. fxe4+ Kg6 47. Be5 Nh5+ 48. Kf3 Rxc2 49. b4 Nf6 50. Bxf6 Kxf6 51. e5+ Ke6 52. Re3 Rc4 53. Kg3 Rd4 54. Kf3 Rd5 55. Kg4 Rxe5 56. Rc3 Kd7 57. Kf3 a5 58. bxa5 Rxa5 59. Kg3 Rc5 60. Rb3 Kc6 61. Kf3 Rc4 62. Ke3 Rh4 63. Rc3+ Kb5 64. Kd2 g4 65. Rg3 Rh2+ 66. Kc1 Rh4 67. Kb2 Ka4 68. Ka2 b5 69. Kb1 Rh3 70. Rxg4+ Kxa3 71. Rg1 Kb3 72. Rf1 b4 73. Rc1 Ka3 74. Rg1 b3 75. Rf1 1/2-1/2

[Event "Topusko op 4th"]
[Site "Topusko"]
[Date "2015.08.02"]
[Round "2"]
[White "Veleski, Robert"]
[Black "Turk, Tajana"]
[Result "1-0"]
[WhiteElo "2262"]
[BlackElo "1963"]
[PlyCount "93"]
[EventDate "2015.08.01"]
[EventType "swiss"]
[EventRounds "9"]
[EventCountry "CRO"]
[SourceTitle "CBM 167 Extra"]
[Source "ChessBase"]
[SourceDate "2015.09.14"]
[SourceVersion "1"]
[SourceVersionDate "2015.09.14"]
[SourceQuality "1"]

1. c4 Nf6 2. Nc3 g6 3. g3 Bg7 4. Bg2 c5 5. d3 Nc6 6. Nf3 0-0 7. 0-0 d6 8. a3 Bd7 9. Rb1 a5 10. Bd2 Rb8 11. Re1 Nd4 12. b4 Nxf3+ 13. Bxf3 axb4 14. axb4 cxb4 15. Rxb4 Bc6 16. e4 Nd7 17. Bg2 f5 18. exf5 Rxf5 19. Nd5 Re5 20. Rxe5 Bxe5 21. Bg5 Bf6 22. Bxf6 Nxf6 23. Nxf6+ exf6 24. Qg4 Bxg2 25. Qe6+ Kf8 26. Kxg2 Qe7 27. Qd5 Qe5 28. Qf3 b6 29. Rb5 Qe7 30. Qc6 Qd8 31. h4 Kg7 32. Rd5 Rc8 33. Qxd6 Qc7 34. Qxc7+ Rxc7 35. Kf3 Kf7 36. Rd6 Rb7 37. Ke4 Ke7 38. Kd5 b5 39. c5 b4 40. Re6+ Kd8 41. c6 Rb8 42. Kd6 Rb6 43. Rxf6 Ke8 44. Kc5 Rb8 45. c7 Rc8 46. Kc6 Ke7 47. Rf4 1-0

[Event "CRO-ch U19 Girls"]
[Site "Krapinske Toplice"]
[Date "2015.07.29"]
[Round "5"]
[White "Turk, Tajana"]
[Black "Grgic, Neomi"]
[Result "1-0"]
[WhiteElo "1963"]
[BlackElo "1935"]
[PlyCount "105"]
[EventDate "2015.07.25"]
[EventType "tourn"]
[EventRounds "5"]
[EventCountry "CRO"]
[SourceTitle "CBM 167 Extra"]
[Source "ChessBase"]
[SourceDate "2015.09.14"]
[SourceVersion "1"]
[SourceVersionDate "2015.09.14"]
[SourceQuality "1"]

1. Nf3 Nf6 2. d4 e6 3. c4 b6 4. g3 Bb7 5. Bg2 d5 6. Nc3 c6 7. 0-0 Be7 8. Ne5 0-0 9. cxd5 cxd5 10. Bd2 Nbd7 11. f4 g6 12. Rc1 a6 13. Qb3 b5 14. Na4 Nxe5 15. fxe5 Ne4 16. Bh6 Bg5 17. Bxg5 Qxg5 18. Bxe4 dxe4 19. Nb6 Rad8 20. Rc7 Bd5 21. Nxd5 Rxd5 22. e3 a5 23. Rf4 Qh5 24. Qc2 g5 25. Rf6 Qg4 26. Kg2 Rdd8 27. h3 Qh5 28. g4 Qh4 29. Rf2 Qh6 30. Qxe4 b4 31. Qc2 Qg6 32. Qxg6+ hxg6 33. Ra7 Rd5 34. Rf6 Rc8 35. Raxf7 Rc2+ 36. Kg3 Rd8 37. Rf2 Rxb2 38. Ra7 Rxf2 39. Kxf2 Rd5 40. Ke2 Rb5 41. Kd2 b3 42. axb3 Rxb3 43. Rxa5 Rb2+ 44. Kd3 Rh2 45. Ra8+ Kf7 46. Ra7+ Kg8 47. Re7 Rxh3 48. Rxe6 Kg7 49. d5 Kf7 50. Rf6+ Kg7 51. d6 Rh1 52. Kc4 Rd1 53. Kc5 1-0

[Event "CRO-chT U20 24th"]
[Site "Sv Filip i Jakov"]
[Date "2015.04.02"]
[Round "7.5"]
[White "Blazeka, Matej"]
[Black "Turk, Tajana"]
[Result "1-0"]
[WhiteElo "2271"]
[BlackElo "1935"]
[PlyCount "51"]
[EventDate "2015.03.30"]
[EventType "team-tourn"]
[EventRounds "11"]
[EventCountry "CRO"]
[SourceTitle "CBM 165 Extra"]
[Source "ChessBase"]
[SourceDate "2015.04.21"]
[SourceVersion "1"]
[SourceVersionDate "2015.04.21"]
[SourceQuality "1"]

1. e4 c5 2. Nf3 e6 3. d4 cxd4 4. Nxd4 a6 5. Bd3 Nf6 6. 0-0 d6 7. c4 Be7 8. Nc3 0-0 9. Be3 Nbd7 10. f3 Re8 11. Qd2 Ne5 12. Rfd1 Bd7 13. Bf1 Qc7 14. Rac1 Rac8 15. b3 Red8 16. Qf2 b6 17. g4 h6 18. Be2 Rb8 19. h4 Nc6 20. Nd5 Qb7 21. Nxc6 Bxc6 22. Nxe7+ Qxe7 23. Bxb6 Rd7 24. c5 dxc5 25. Bxc5 Qe8 26. Bd6 1-0

[Event "CRO-chT U20 24th"]
[Site "Sv Filip i Jakov"]
[Date "2015.03.31"]
[Round "3.3"]
[White "Ivekovic, Bozidar1111"]
[Black "Turk, Tajana"]
[Result "1-0"]
[WhiteElo "2300"]
[BlackElo "1935"]
[PlyCount "75"]
[EventDate "2015.03.30"]
[EventType "team-tourn"]
[EventRounds "11"]
[EventCountry "CRO"]
[SourceTitle "CBM 165 Extra"]
[Source "ChessBase"]
[SourceDate "2015.04.21"]
[SourceVersion "1"]
[SourceVersionDate "2015.04.21"]
[SourceQuality "1"]

1. d4 Nf6 2. c4 g6 3. Nc3 Bg7 4. Nf3 d6 5. Bg5 0-0 6. e3 c5 7. Be2 h6 8. Bh4 g5 9. Bg3 Bf5 10. 0-0 Nbd7 11. Bd3 Bxd3 12. Qxd3 Nh5 13. Rad1 Rc8 14. Qe2 Nxg3 15. hxg3 Qe8 16. Nd5 Nf6 17. Nxf6+ Bxf6 18. Rfe1 Qc6 19. d5 Qd7 20. Nh2 Rb8 21. Ng4 Bg7 22. e4 Rfe8 23. Ne3 e6 24. Qh5 exd5 25. Nxd5 Re6 26. e5 Rxe5 27. Rxe5 Bxe5 28. Qxh6 g4 29. Qg5+ Kf8 30. Nf6 Qd8 31. Qg8+ Ke7 32. Nd5+ Kd7 33. Qxg4+ Kc6 34. Qf3 Qf8 35. Nc3+ Kd7 36. Qf5+ Kc7 37. Nb5+ Kb6 38. Qd7 1-0

[Event "Valpovo op (Women) 17th"]
[Site "Valpovo"]
[Date "2014.12.07"]
[Round "7.3"]
[White "Grgic, Neomi"]
[Black "Turk, Tajana"]
[Result "1-0"]
[WhiteElo "1968"]
[BlackElo "1912"]
[PlyCount "81"]
[EventDate "2014.12.05"]
[EventType "swiss (rapid)"]
[EventRounds "7"]
[EventCountry "CRO"]
[SourceTitle "EXT 2023"]
[Source "ChessBase"]
[SourceDate "2022.10.05"]
[SourceVersion "1"]
[SourceVersionDate "2022.10.05"]
[SourceQuality "1"]

1. e4 c5 2. Nf3 g6 3. c3 Bg7 4. d4 cxd4 5. cxd4 d6 6. Nc3 Nc6 7. Be3 Bg4 8. Bb5 a6 9. Bxc6+ bxc6 10. Qa4 Bd7 11. Qc2 Qa5 12. 0-0 Nf6 13. h3 h6 14. a3 g5 15. b4 Qd8 16. e5 dxe5 17. Nxe5 Nd5 18. Nxd5 cxd5 19. Qc5 Bb5 20. Rfc1 Qd6 21. Qc8+ Qd8 22. Qxd8+ Rxd8 23. a4 Bd7 24. Nxd7 Kxd7 25. Rc5 e6 26. Rac1 Rc8 27. b5 axb5 28. axb5 Rxc5 29. dxc5 d4 30. Bd2 Ra8 31. Kf1 Be5 32. Ke2 Ra3 33. Bb4 Ra4 34. c6+ Kc7 35. Be7 Ra8 36. Kd3 Kb6 37. Kc4 Ra4+ 38. Kb3 Ra8 39. Kb4 Bg7 40. Bc5+ Kc7 41. b6+ 1-0

[Event "Valpovo op (Women) 17th"]
[Site "Valpovo"]
[Date "2014.12.06"]
[Round "5.5"]
[White "Jacimovic, Sara"]
[Black "Turk, Tajana"]
[Result "0-1"]
[WhiteElo "2000"]
[BlackElo "1912"]
[PlyCount "102"]
[EventDate "2014.12.05"]
[EventType "swiss (rapid)"]
[EventRounds "7"]
[EventCountry "CRO"]
[SourceTitle "EXT 2023"]
[Source "ChessBase"]
[SourceDate "2022.10.05"]
[SourceVersion "1"]
[SourceVersionDate "2022.10.05"]
[SourceQuality "1"]

1. d4 Nf6 2. e3 g6 3. Bd3 Bg7 4. c4 d6 5. Nf3 Nbd7 6. Nc3 0-0 7. 0-0 e5 8. Bc2 Re8 9. h3 c6 10. dxe5 dxe5 11. e4 Qe7 12. Qe2 Nh5 13. Be3 Nc5 14. Rfd1 Ne6 15. g3 Nd4 16. Nxd4 exd4 17. Bxd4 Bxd4 18. Rxd4 Bxh3 19. Kh2 Be6 20. Rad1 Qg5 21. R1d2 f5 22. exf5 Bxf5 23. Qf3 Bxc2 24. Rxc2 Rf8 25. Qg4 Qxg4 26. Rxg4 Rad8 27. Re4 Nf6 28. Re7 Rf7 29. Rxf7 Kxf7 30. Re2 Re8 31. Rd2 Re7 32. Kg2 Ne4 33. Nxe4 Rxe4 34. b3 Ke7 35. Kf3 Re6 36. Kf4 h6 37. Kg4 Rd6 38. Rc2 Kf6 39. Kf4 Rd4+ 40. Ke3 Rd7 41. Rc1 Kf5 42. Rh1 h5 43. Rh4 Re7+ 44. Kd3 Rd7+ 45. Ke2 Re7+ 46. Kd2 Re4 47. Rh1 Kg4 48. Kd3 Kf3 49. Rh3 Re6 50. Rh4 Rd6+ 51. Kc3 Kxf2 0-1

[Event "Valpovo op (Women) 17th"]
[Site "Valpovo"]
[Date "2014.12.05"]
[Round "2.5"]
[White "Turk, Tajana"]
[Black "Berke, Ana"]
[Result "0-1"]
[WhiteElo "1912"]
[BlackElo "2075"]
[PlyCount "90"]
[EventDate "2014.12.05"]
[EventType "swiss (rapid)"]
[EventRounds "7"]
[EventCountry "CRO"]
[SourceTitle "EXT 2023"]
[Source "ChessBase"]
[SourceDate "2022.10.05"]
[SourceVersion "1"]
[SourceVersionDate "2022.10.05"]
[SourceQuality "1"]

1. d4 Nf6 2. Nf3 e6 3. e3 c5 4. Bd3 d5 5. b3 b6 6. Nbd2 Bd6 7. Bb2 0-0 8. 0-0 Bb7 9. Ne5 Nc6 10. a3 Rc8 11. f4 Ne7 12. Qe2 b5 13. Bxb5 cxd4 14. Bxd4 Rxc2 15. Bd3 Rc8 16. Ng4 Ne4 17. Bxe4 dxe4 18. Qb5 Bd5 19. Ne5 Nf5 20. Ndc4 Nxd4 21. exd4 Rb8 22. Qa4 Bxe5 23. Nxe5 Rxb3 24. Nd7 Re8 25. Nc5 Rb2 26. Rab1 Rd2 27. Rf2 e3 28. Rxd2 exd2 29. Rd1 h6 30. Rxd2 Re7 31. Rb2 Rc7 32. Qc2 Rc8 33. Qe2 Ba8 34. Qe5 Qd5 35. Qxd5 Bxd5 36. Kf2 Kf8 37. Ke3 Ke7 38. g3 g5 39. Rb4 g4 40. Rb2 h5 41. a4 h4 42. Ne4 hxg3 43. Nxg3 Rc3+ 44. Kd2 Rf3 45. Ne2 Rf2 0-1

[Event "Topusko op 3rd"]
[Site "Topusko"]
[Date "2014.08.15"]
[Round "9"]
[White "Hladnic, Emanuel"]
[Black "Turk, Tajana"]
[Result "1/2-1/2"]
[WhiteElo "1906"]
[BlackElo "2003"]
[PlyCount "22"]
[EventDate "2014.08.08"]
[EventType "swiss"]
[EventRounds "9"]
[EventCountry "CRO"]
[SourceTitle "CBM 162 Extra"]
[Source "ChessBase"]
[SourceDate "2014.10.17"]
[SourceVersion "1"]
[SourceVersionDate "2014.10.17"]
[SourceQuality "1"]

1. e4 c5 2. Ne2 Nc6 3. Nbc3 e6 4. d3 Nf6 5. g3 Be7 6. Bg2 d6 7. 0-0 0-0 8. h3 a6 9. a4 Bd7 10. Be3 Rb8 11. f4 Qc7 1/2-1/2

[Event "CRO-ch U19 Girls"]
[Site "Sveti Martin"]
[Date "2014.07.28"]
[Round "3"]
[White "Turk, Tajana"]
[Black "Vujnovic, Patricija"]
[Result "1/2-1/2"]
[WhiteElo "2003"]
[BlackElo "2053"]
[PlyCount "66"]
[EventDate "2014.07.26"]
[EventType "tourn"]
[EventRounds "5"]
[EventCountry "CRO"]
[SourceTitle "EXT 2016"]
[Source "ChessBase"]
[SourceDate "2015.10.08"]
[SourceVersion "1"]
[SourceVersionDate "2015.10.08"]
[SourceQuality "1"]

1. c4 Nf6 2. Nc3 e6 3. g3 d5 4. cxd5 exd5 5. d4 Be7 6. Bg2 0-0 7. Qc2 Nc6 8. a3 Nxd4 9. Qd1 Bc5 10. Be3 Ne6 11. Bxc5 Nxc5 12. Nxd5 Nxd5 13. Qxd5 Qxd5 14. Bxd5 c6 15. Rc1 Na4 16. Bb3 Nb6 17. Nf3 Bf5 18. 0-0 Rfe8 19. Rc5 Be6 20. Bxe6 Rxe6 21. e3 Rd8 22. Nd4 Red6 23. b4 a6 24. Rfc1 g6 25. Kg2 Nd7 26. R5c3 Nb6 27. Rc5 Kg7 28. h4 h5 29. R1c2 Kf6 30. Rc1 Nd7 31. R5c3 Nf8 32. Nb3 Ne6 33. Kf3 R8d7 1/2-1/2

[Event "Busevec op U20 Girls 13th"]
[Site "Busevec"]
[Date "2014.04.26"]
[Round "3"]
[White "Smetisko, Lucija"]
[Black "Turk, Tajana"]
[Result "0-1"]
[WhiteElo "1732"]
[BlackElo "1916"]
[PlyCount "70"]
[EventDate "2014.04.26"]
[EventType "swiss (rapid)"]
[EventRounds "6"]
[EventCountry "CRO"]
[SourceTitle "EXT 2015"]
[Source "ChessBase"]
[SourceDate "2014.11.20"]
[SourceVersion "1"]
[SourceVersionDate "2014.11.20"]
[SourceQuality "1"]

1. e4 c5 2. Nc3 e6 3. Bc4 Nc6 4. Nf3 d6 5. d4 cxd4 6. Nxd4 a6 7. Be3 Qc7 8. 0-0 Nf6 9. a3 Be7 10. b4 Ne5 11. Bb5+ axb5 12. Ndxb5 Qc6 13. f3 0-0 14. Qe1 Bd7 15. Nd4 Qc7 16. Nce2 Nc4 17. Bc1 d5 18. Ng3 Qb6 19. c3 e5 20. Qd1 exd4 21. cxd4 Bd6 22. Re1 Bxg3 23. hxg3 Rfe8 24. e5 Nxe5 25. Bf4 Nc4 26. Qd3 Rxe1+ 27. Rxe1 Rxa3 28. Qd1 Qxb4 29. Kh2 h6 30. Re2 Qa4 31. Qb1 Rb3 32. Qf1 Bb5 33. Qf2 Qa1 34. Re1 Rb1 35. Rxb1 Qxb1 0-1